000 00921nam a22003017a 4500
003 CHAP
005 20220329134428.0
008 971013s1982 r 00010 d
010 _a20371
011 _a21343
035 _a25433
040 _cCHAP
082 _a591.09
_bD5Y
100 0 0 _aDixon, Dougal.
_933049
245 _aDespués del hombre
_b: una zoología del futuro
260 _aBarcelona :
_bBlume,
_c1982
300 _a124 p.
_b: ilus.
590 _aBATCH-UPD
_b10
_c20130110
_lUCH01
_h0052
590 _aBATCH-UPD
_b10
_c20130409
_lUCH01
_h2040
590 _aBATCH-UPD
_b10
_c20130914
_lUCH01
_h0333
590 _aCONVERSION
_b10
_c20130109
_lUCH01
_h1312
650 1 4 _aAnimales
_xHistoria y origen.
_95864
650 1 4 _aVida
_xOrigen.
_9119147
650 1 4 _aZoología
_xHistoria.
_9124171
901 _aBK
942 _cLIBRO
949 _a591.09 D5Y
_bBC
_cLIBRO
_d33724000371944
_eLIBRO
_gI.126453
_h66683
_i25433
_si
999 _c20371
_d20371